Statistics for Monster Hunter World and Iceborne - Large Monsters

Click here to take the quiz!

General Stats

  • This quiz has been taken 159 times
  • The average score is 52 of 71

Answer Stats

SpeciesMonster% Correct
Brute WyvernAnjanath
94%
Flying WyvernRathalos
94%
Flying WyvernRathian
94%
Bird WyvernKulu Ya Ku
92%
Fanged WyvernGreat Jagras
90%
Bird WyvernPukei Pukei
90%
Fanged WyvernOdogaron
88%
Elder DragonTeostra
86%
Fanged WyvernTobi Kadachi
86%
Brute WyvernBarroth
84%
Flying WyvernDiablos
84%
Elder DragonFatalis
84%
Fanged WyvernGreat Girros
84%
Flying WyvernLegiana
84%
Elder DragonLunastra
84%
Elder DragonNergigante
84%
Flying WyvernPink Rathian
84%
Fanged BeastRajang
84%
Elder DragonKushala Daora
82%
Bird WyvernTzitzi Ya Ku
82%
Flying WyvernAzure Rathalos
80%
Brute WyvernDeviljho
80%
Flying WyvernPaolumu
80%
Flying WyvernSilver Rathalos
80%
Flying WyvernTigrex
80%
Fanged WyvernZinogre
80%
Flying WyvernBlack Diablos
78%
Flying WyvernGold Rathian
78%
Elder DragonAlatreon
76%
Fanged WyvernEbony Odogaron
76%
Brute WyvernGlavenus
76%
Elder DragonKirin
76%
Flying WyvernBarioth
75%
Piscine WyvernLavasioth
75%
Elder DragonVaal Hazak
75%
Elder DragonZorah Magdaros
75%
Piscine WyvernJyuratodus
73%
Brute WyvernUragaan
73%
Fanged WyvernDodogama
71%
Fanged BeastFurious Rajang
71%
Elder DragonRuiner Nergigante
71%
Bird WyvernCoral Pukei Pukei
69%
Flying WyvernNargacuga
69%
Brute WyvernRadobaan
69%
Fanged WyvernViper Tobi Kadachi
69%
Flying WyvernBazelgeuse
67%
Brute WyvernFulgur Anjanath
67%
Elder DragonNamielle
67%
Elder DragonVelkhana
67%
Elder DragonBehemoth
65%
RelictLeshen
65%
Flying WyvernShrieking Legiana
65%
Fanged WyvernStygian Zinogre
65%
Bird WyvernYian Garuga
65%
Brute WyvernAcidic Glavenus
63%
Brute WyvernBanbaro
63%
Brute WyvernBrachydios
63%
Flying WyvernFrostfang barioth
63%
Flying WyvernNightshade Paolumu
63%
Elder DragonSafi'Jiiva
63%
Brute WyvernSavage Deviljho
63%
Elder DragonXeno'Jiiva
63%
RelictAncient Leshen
61%
Elder DragonBlackveil Vaal Hazak
61%
Brute WyvernRaging Brachydios
61%
Elder DragonShara Ishvalda
61%
Piscine WyvernBeotodus
59%
Flying WyvernBrute Tigrex
59%
Elder DragonKulve Taroth
59%
Flying WyvernSeething Bazelgeuse
57%
Bird WyvernScarred Yian Garuga
53%

Score Distribution

Percentile by Number Answered

Percent of People with Each Score

Your Score History

You have not taken this quiz